000 00540nam a2200193Ia 4500
999 _c1845
_d1845
003 OSt
005 20200928100649.0
008 190216s9999||||xx |||||||||||||| ||und||
020 _a9788174765697
040 _coclc
082 _a574.192
_bRAO/T
100 _aRao, A V S S Rama
_95041
245 0 _aA Textbook Of Biochemistry /
_cA V S S Rama Rao
250 _a10th Ed.
260 _bUbs Publishers,
_c2008.
_aNew Delhi:
300 _a582p
650 _aBotany
942 _cBK
_2ddc
_h574.192
_iRAO/T
_k574.192
_mRAO/T